| 000 | 00554 a2200205 4500 | ||
|---|---|---|---|
| 005 | 20260309123647.0 | ||
| 008 | 260309b |||||||| |||| 00| 0 eng d | ||
| 020 |
_a9780192849595 _cRs. 1695.00 |
||
| 040 | _aMAIN | ||
| 082 |
_a338.62 _bS51S |
||
| 100 | _aSom, Lalita | ||
| 245 | _aState capitalism: Why SOEs matter and the challenges they face | ||
| 260 |
_bOxford University Press _c2022 _aOxford |
||
| 300 | _axxvii, 356 | ||
| 650 | _aEconimcs | ||
| 650 | _aPublic Enterprises | ||
| 650 | _aCapitalism | ||
| 650 | _aProduction | ||
| 942 | _cBK | ||
| 999 |
_c395962 _d395962 |
||